[Event "GRE-chT 49th"]
[Site "Thessaloniki"]
[Date "2022.08.12"]
[Round "1"]
[White "Homatidis, Panagiotis"]
[Black "Kotronias, Vasilios"]
[Result "0-1"]
[WhiteElo "2064"]
[BlackElo "2468"]
[PlyCount "40"]
[EventDate "2022.08.12"]
[EventType "team-swiss"]
[EventRounds "7"]
[EventCountry "GRE"]
[SourceTitle "EXT 2024"]
[Source "ChessBase"]
[SourceDate "2023.10.10"]
[SourceVersion "1"]
[SourceVersionDate "2023.10.10"]
[SourceQuality "1"]
[WhiteTeam "Kalamarias"]
[BlackTeam "Kozanis Aetoi"]
[WhiteTeamCountry "GRE"]
[BlackTeamCountry "GRE"]

1. e4 c5 2. Nf3 Nc6 3. d4 cxd4 4. Nxd4 Nf6 5. Nc3 d6 6. Bg5 e6 7. Nxc6 bxc6 8. Bd3 Be7 9. 0-0 h6 10. Be3 0-0 11. f4 d5 12. exd5 cxd5 13. Bd4 Nd7 14. f5 e5 15. Nxd5 exd4 16. Qf3 Rb8 17. f6 Nxf6 18. Nxf6+ Bxf6 19. Qe4 g6 20. Qf4 Rb6 0-1

[Event "GRE-chT Div-A 38th"]
[Site "Peristeri"]
[Date "2010.07.11"]
[Round "7"]
[White "Homatidis, Panagiotis"]
[Black "Hristodoulou, Panagiotis"]
[Result "1/2-1/2"]
[WhiteElo "2122"]
[BlackElo "2149"]
[PlyCount "25"]
[EventDate "2010.07.05"]
[EventType "team-swiss"]
[EventRounds "7"]
[EventCountry "GRE"]
[SourceTitle "CBM 137 Extra"]
[Source "ChessBase"]
[SourceDate "2010.09.01"]
[SourceVersion "1"]
[SourceVersionDate "2010.09.01"]
[SourceQuality "1"]

1. Nf3 Nf6 2. c4 g6 3. g3 Bg7 4. Bg2 0-0 5. 0-0 d6 6. Nc3 e5 7. d3 Nc6 8. Bg5 Nd4 9. Nd2 Nc6 10. Nf3 Nd4 11. Nd2 Nc6 12. Nf3 Nd4 13. Nd2 1/2-1/2

[Event "EU-ch U18 19th"]
[Site "Fermo"]
[Date "2009.09.01"]
[Round "2"]
[White "Homatidis, Panagiotis"]
[Black "Salentiny, Eric"]
[Result "1-0"]
[WhiteElo "2123"]
[BlackElo "1861"]
[PlyCount "79"]
[EventDate "2009.08.31"]
[EventType "swiss"]
[EventRounds "9"]
[EventCountry "ITA"]
[SourceTitle "CBM 132 Extra"]
[Source "ChessBase"]
[SourceDate "2009.11.03"]
[SourceVersion "1"]
[SourceVersionDate "2009.11.03"]
[SourceQuality "1"]

1. e4 e6 2. Qe2 c5 3. b3 Nc6 4. Nf3 b6 5. Bb2 Bb7 6. g3 Nf6 7. Bg2 Nb4 8. d3 d5 9. exd5 Nbxd5 10. Nh4 Rb8 11. 0-0 Be7 12. Be5 Bd6 13. Bxd6 Qxd6 14. Nf5 Qf8 15. Qe5 Kd7 16. Bxd5 Bxd5 17. Nc3 Bc6 18. Ne3 Qd6 19. Nc4 Qc7 20. a4 a6 21. a5 b5 22. Nb6+ Rxb6 23. Qxc7+ Kxc7 24. axb6+ Kxb6 25. f3 Rd8 26. Kf2 Nd5 27. Nxd5+ Bxd5 28. Ke3 Bb7 29. c3 b4 30. c4 Rd4 31. f4 f5 32. Rfd1 h5 33. Ra4 g6 34. Rxb4+ Kc7 35. Ra4 Rd8 36. b4 Bc6 37. Rxa6 cxb4 38. Ra7+ Kd6 39. Rb1 Rb8 40. Kd4 1-0

[Event "GRE-chT U16"]
[Site "Chalkida"]
[Date "2008.10.11"]
[Round "2.1"]
[White "Homatidis, Panagiotis"]
[Black "Pavlidis, Antonios"]
[Result "1/2-1/2"]
[WhiteElo "2092"]
[BlackElo "2260"]
[PlyCount "58"]
[EventDate "2008.10.11"]
[EventType "team-swiss"]
[EventRounds "5"]
[EventCountry "GRE"]
[SourceTitle "EXT 2011"]
[Source "ChessBase"]
[SourceDate "2010.11.26"]
[SourceVersion "1"]
[SourceVersionDate "2010.11.26"]
[SourceQuality "1"]

1. Nf3 Nf6 2. c4 g6 3. g3 Bg7 4. Bg2 0-0 5. 0-0 d5 6. cxd5 Nxd5 7. Nc3 Nc6 8. Nxd5 Qxd5 9. d3 Qh5 10. Qb3 Rb8 11. Bd2 Be6 12. Qc2 Bh3 13. Bc3 e5 14. b4 Bxg2 15. Kxg2 Rfe8 16. Rab1 Rbc8 17. e4 f5 18. b5 Nd8 19. Qb3+ Nf7 20. Bd2 h6 21. Rbc1 fxe4 22. dxe4 Qg4 23. Rfe1 Qe6 24. Qxe6 Rxe6 25. Bb4 a6 26. Red1 axb5 27. Rd7 Rc6 28. Rxc6 bxc6 29. Nh4 Nh8 1/2-1/2

[Event "EU-ch U18 18th"]
[Site "Herceg Novi"]
[Date "2008.09.21"]
[Round "6"]
[White "Vukcevic, Nemanja"]
[Black "Homatidis, Panagiotis"]
[Result "1/2-1/2"]
[WhiteElo "1884"]
[BlackElo "2037"]
[PlyCount "71"]
[EventDate "2008.09.15"]
[EventType "swiss"]
[EventRounds "9"]
[EventCountry "MNE"]
[SourceTitle "CBM 126 Extra"]
[Source "ChessBase"]
[SourceDate "2008.11.05"]
[SourceVersion "1"]
[SourceVersionDate "2008.11.05"]
[SourceQuality "1"]

1. e4 c5 2. Nf3 d6 3. d4 cxd4 4. Qxd4 Nf6 5. Bg5 Nc6 6. Bb5 e5 7. Qd3 Be7 8. Nc3 a6 9. Bxc6+ bxc6 10. 0-0 h6 11. Bxf6 Bxf6 12. Rfd1 Be7 13. Na4 Qa5 14. b3 0-0 15. c4 Bg4 16. Rac1 f5 17. Rc3 Rad8 18. h3 Bxf3 19. Qxf3 fxe4 20. Qxe4 Qc7 21. g3 Rf6 22. b4 Rdf8 23. Rd2 Qd7 24. Rcd3 Rf5 25. Nc3 Rg5 26. Qg2 Rg6 27. Ne4 Rd8 28. Nxd6 Rxd6 29. Rxd6 Bxd6 30. c5 Qc7 31. cxd6 Rxd6 32. Rxd6 Qxd6 33. Qe4 Kf8 34. Qc4 Qd1+ 35. Kh2 Qf3 36. Kg1 1/2-1/2

[Event "EU-ch U18 18th"]
[Site "Herceg Novi"]
[Date "2008.09.18"]
[Round "4"]
[White "Gluszko, Tomasz"]
[Black "Homatidis, Panagiotis"]
[Result "1/2-1/2"]
[WhiteElo "2225"]
[BlackElo "2037"]
[PlyCount "110"]
[EventDate "2008.09.15"]
[EventType "swiss"]
[EventRounds "9"]
[EventCountry "MNE"]
[SourceTitle "CBM 126 Extra"]
[Source "ChessBase"]
[SourceDate "2008.11.05"]
[SourceVersion "1"]
[SourceVersionDate "2008.11.05"]
[SourceQuality "1"]

1. d4 Nf6 2. Nf3 e6 3. c4 d5 4. g3 dxc4 5. Bg2 Bb4+ 6. Bd2 Bxd2+ 7. Nbxd2 0-0 8. Nxc4 Qe7 9. Qb3 Nbd7 10. Rc1 c5 11. dxc5 Nxc5 12. Qa3 Re8 13. Nb6 Nd3+ 14. Qxd3 axb6 15. Qb3 Nd5 16. Ne5 Qg5 17. Nd3 Bd7 18. h4 Qf6 19. 0-0 Ba4 20. Qc4 Bc6 21. a3 Ne7 22. Qb3 Bxg2 23. Kxg2 Qd4 24. Nb4 Qe5 25. Rc2 Nf5 26. Rd2 Rad8 27. Rfd1 Rxd2 28. Rxd2 Kf8 29. Qf3 Nd6 30. Nd3 Qe4 31. Qxe4 Nxe4 32. Rc2 f6 33. Rc4 Nd6 34. Rb4 b5 35. Kf3 Rc8 36. e4 e5 37. Ke2 Ke7 38. Kd2 Rc4 39. f3 Kd7 40. Rb3 Rd4 41. Ke2 Rc4 42. Kd2 Rd4 43. Kc2 Rc4+ 44. Rc3 Kc6 45. b3 Rxc3+ 46. Kxc3 Ne8 47. f4 Nd6 48. Nb4+ Kc5 49. Kd3 f5 50. fxe5 Nxe4 51. Ke3 Nxg3 52. Kf4 Ne2+ 53. Kxf5 Nd4+ 54. Ke4 Nxb3 55. Nd3+ Kc6 1/2-1/2

[Event "GRE-ch U16"]
[Site "Kallithea"]
[Date "2008.07.04"]
[Round "9"]
[White "Liaskos, Leonidas"]
[Black "Homatidis, Panagiotis"]
[Result "1/2-1/2"]
[WhiteElo "1964"]
[BlackElo "2071"]
[PlyCount "39"]
[EventDate "2008.06.28"]
[EventType "swiss"]
[EventRounds "9"]
[EventCountry "GRE"]
[SourceTitle "EXT 2010"]
[Source "ChessBase"]
[SourceDate "2010.11.25"]
[SourceVersion "1"]
[SourceVersionDate "2010.11.25"]
[SourceQuality "1"]

1. e4 g6 2. d4 Bg7 3. Be3 c6 4. f3 d5 5. Nc3 Nf6 6. e5 Ng8 7. Qd2 f6 8. exf6 exf6 9. 0-0-0 Ne7 10. g4 Be6 11. Nh3 Nd7 12. Re1 Bf7 13. Nf2 0-0 14. h4 c5 15. h5 cxd4 16. hxg6 hxg6 17. Bxd4 Nc6 18. Be3 Nde5 19. Bh6 Nc4 20. Qf4 1/2-1/2

[Event "GRE-ch U16"]
[Site "Kallithea"]
[Date "2008.07.01"]
[Round "5"]
[White "Aggelis, Nikolaos"]
[Black "Homatidis, Panagiotis"]
[Result "1-0"]
[WhiteElo "2232"]
[BlackElo "2071"]
[PlyCount "77"]
[EventDate "2008.06.28"]
[EventType "swiss"]
[EventRounds "9"]
[EventCountry "GRE"]
[SourceTitle "EXT 2010"]
[Source "ChessBase"]
[SourceDate "2010.11.25"]
[SourceVersion "1"]
[SourceVersionDate "2010.11.25"]
[SourceQuality "1"]

1. Nf3 f5 2. e4 fxe4 3. Ng5 d5 4. d3 Qd6 5. Nc3 Nf6 6. dxe4 h6 7. Nb5 Qd8 8. Nf3 a6 9. Nc3 dxe4 10. Qxd8+ Kxd8 11. Ne5 Be6 12. Bf4 Nbd7 13. 0-0-0 g5 14. Bg3 Kc8 15. Bc4 Bxc4 16. Nxc4 h5 17. h3 Bh6 18. Kb1 b5 19. Ne5 Nxe5 20. Bxe5 Rf8 21. Rhe1 Kb7 22. a4 Kc6 23. Nxe4 Nxe4 24. Rxe4 Rxf2 25. Bd4 Rf4 26. Re6+ Kd5 27. Rxe7 Kc6 28. Be5 Rxa4 29. Rxc7+ Kb6 30. Rf7 Bf8 31. Rf6+ Kc5 32. Rxf8 Rxf8 33. Bd6+ Kc6 34. Bxf8 Rf4 35. Bh6 Rf5 36. g4 hxg4 37. hxg4 Rf6 38. Rh1 Rf4 39. Rg1 1-0

[Event "GRE-ch U16"]
[Site "Kallithea"]
[Date "2008.06.29"]
[Round "3"]
[White "Rigopoulos Tsigkos, Alexandros"]
[Black "Homatidis, Panagiotis"]
[Result "0-1"]
[WhiteElo "1980"]
[BlackElo "2071"]
[PlyCount "114"]
[EventDate "2008.06.28"]
[EventType "swiss"]
[EventRounds "9"]
[EventCountry "GRE"]
[SourceTitle "EXT 2010"]
[Source "ChessBase"]
[SourceDate "2010.11.25"]
[SourceVersion "1"]
[SourceVersionDate "2010.11.25"]
[SourceQuality "1"]

1. e4 d5 2. exd5 Nf6 3. Nf3 Nxd5 4. d4 g6 5. c4 Nb6 6. Nc3 Bg7 7. c5 Nd5 8. Bc4 Nxc3 9. bxc3 0-0 10. 0-0 b6 11. Ba3 c6 12. Qe2 b5 13. Bb3 a5 14. Rfe1 Ra7 15. Rad1 a4 16. Bc2 Be6 17. Ng5 Bc4 18. Bd3 Bxd3 19. Rxd3 Qd5 20. f4 h6 21. Nf3 Rb7 22. Ne5 Nd7 23. Rh3 Nxe5 24. fxe5 f5 25. exf6 Rxf6 26. Re3 Bf8 27. Re6 Kg7 28. Bb4 Rxe6 29. Qxe6 Qxe6 30. Rxe6 Rc7 31. Kf2 Kf7 32. Re4 Bg7 33. Ke3 Rd7 34. Ba5 e5 35. dxe5 Ke6 36. c4 bxc4 37. Rxc4 Bxe5 38. Bb6 a3 39. Ra4 Bb2 40. Ke2 Bc1 41. Ba5 Ra7 42. Kd1 Bb2 43. Kc2 Rf7 44. Rg4 Rf2+ 45. Kb3 Kf5 46. h3 h5 47. Rg3 Be5 48. Rd3 Rxg2 49. Kxa3 Ke4 50. Rb3 Bd4 51. Bb6 h4 52. Rb1 Rg3+ 53. Rb3 g5 54. Kb4 Rxb3+ 55. Kxb3 g4 56. Bc7 Be5 57. Bd8 gxh3 0-1

[Event "Athens op"]
[Site "Athens"]
[Date "2008.06.21"]
[Round "8"]
[White "Ignatiadis, Konstantinos"]
[Black "Homatidis, Panagiotis"]
[Result "1/2-1/2"]
[WhiteElo "2271"]
[BlackElo "2071"]
[PlyCount "42"]
[EventDate "2008.06.14"]
[EventType "swiss"]
[EventRounds "9"]
[EventCountry "GRE"]
[SourceTitle "CBM 125 Extra"]
[Source "ChessBase"]
[SourceDate "2008.09.01"]
[SourceVersion "1"]
[SourceVersionDate "2008.09.01"]
[SourceQuality "1"]

1. Nf3 Nf6 2. c4 e6 3. b3 b6 4. Bb2 Bb7 5. e3 Be7 6. Be2 0-0 7. 0-0 c5 8. d4 cxd4 9. exd4 d5 10. Nbd2 Nc6 11. Rc1 Ne4 12. Bd3 Nxd2 13. Qxd2 Nb4 14. Bb1 dxc4 15. bxc4 Bxf3 16. gxf3 Bd6 17. Kg2 Qh4 18. h3 Bf4 19. Qxb4 Qg5+ 20. Kh1 Qh4 21. Kg2 Qg5+ 1/2-1/2

[Event "Athens op"]
[Site "Athens"]
[Date "2008.06.20"]
[Round "7"]
[White "Homatidis, Panagiotis"]
[Black "Kakadelis, Stratos"]
[Result "1-0"]
[WhiteElo "2071"]
[BlackElo "2129"]
[PlyCount "179"]
[EventDate "2008.06.14"]
[EventType "swiss"]
[EventRounds "9"]
[EventCountry "GRE"]
[SourceTitle "CBM 125 Extra"]
[Source "ChessBase"]
[SourceDate "2008.09.01"]
[SourceVersion "1"]
[SourceVersionDate "2008.09.01"]
[SourceQuality "1"]

1. e4 c5 2. Nf3 e6 3. d4 cxd4 4. Nxd4 a6 5. Bd3 Qb6 6. Nb3 Nc6 7. Be3 Qc7 8. c4 Nf6 9. f4 Nb4 10. a3 Nxd3+ 11. Qxd3 b6 12. N1d2 Bb7 13. Qd4 Rc8 14. Qxb6 Qxb6 15. Bxb6 Nxe4 16. 0-0 Nxd2 17. Nxd2 d5 18. b3 Be7 19. Rfc1 dxc4 20. Nxc4 0-0 21. b4 g5 22. Be3 gxf4 23. Bxf4 Rfd8 24. Nb6 Rxc1+ 25. Rxc1 Be4 26. Nc8 Bf6 27. Nd6 Bd5 28. Bg3 Be7 29. Nc8 Bg5 30. Rc7 Be3+ 31. Kf1 Be4 32. Nd6 Bg6 33. Ke2 Bd4 34. Rc6 Ra8 35. a4 e5 36. Bf2 Bb2 37. b5 axb5 38. axb5 Ra2 39. Rc8+ Kg7 40. Ne8+ Kh6 41. Be3+ Kh5 42. Nf6+ Kh4 43. Rc4+ Bd4+ 44. Kd1 Bd3 45. Rb4 Rb2 46. Rxb2 Bxb2 47. b6 Ba6 48. Bf2+ Kg5 49. Ne4+ Kg4 50. Nc5 Bc8 51. b7 Bxb7 52. Nxb7 Ba3 53. Ke2 f5 54. Na5 e4 55. Nc4 Bb4 56. Ne3+ Kg5 57. h4+ Kg6 58. Bg3 Be7 59. Nd5 Bd8 60. Be1 Kh5 61. g3 Kg6 62. Bd2 Kf7 63. Bf4 Ke6 64. Ne3 h5 65. Nc4 Bf6 66. Kd2 Bd4 67. Ne3 Bf6 68. Kc2 Bd4 69. Kb3 Bb6 70. Kc4 Ba5 71. Nc2 Bb6 72. Nd4+ Kf6 73. Kd5 Ba5 74. Bg5+ Kg6 75. Ke6 Be1 76. Nxf5 Bf2 77. Ke5 Bc5 78. Kxe4 Ba3 79. Nd4 Bd6 80. Ne2 Bb4 81. Nf4+ Kh7 82. Nxh5 Kg6 83. Nf4+ Kh7 84. Kf5 Be1 85. Ne2 Bf2 86. g4 Bc5 87. h5 Bf2 88. Bf6 Be3 89. g5 Bd2 90. h6 1-0

[Event "GRE-ch U18"]
[Site "Kalamata"]
[Date "2008.01.05"]
[Round "4"]
[White "Homatidis, Panagiotis"]
[Black "Pavlidis, Anastasios"]
[Result "0-1"]
[WhiteElo "1830"]
[BlackElo "2110"]
[PlyCount "192"]
[EventDate "2008.01.02"]
[EventType "swiss"]
[EventRounds "9"]
[EventCountry "GRE"]
[SourceTitle "EXT 2010"]
[Source "ChessBase"]
[SourceDate "2010.11.25"]
[SourceVersion "1"]
[SourceVersionDate "2010.11.25"]
[SourceQuality "1"]

1. e4 e5 2. Nf3 Nc6 3. Bb5 a6 4. Ba4 Nf6 5. 0-0 Be7 6. Re1 b5 7. Bb3 d6 8. h3 Na5 9. d4 Nxb3 10. axb3 exd4 11. Nxd4 Bb7 12. Nf5 0-0 13. Nc3 Re8 14. Qd4 Qd7 15. Bg5 c5 16. Qd3 b4 17. Nxe7+ Qxe7 18. Nd5 Bxd5 19. exd5 Qxe1+ 20. Rxe1 Rxe1+ 21. Kh2 Ne4 22. Be3 Nf6 23. Bg5 Re5 24. f4 Ree8 25. Bxf6 gxf6 26. Qf3 Kg7 27. Qg4+ Kf8 28. Qh5 Kg7 29. Kg3 Re3+ 30. Kh4 Rg8 31. Qf5 Kf8 32. Qxf6 Rg6 33. Qd8+ Re8 34. Qd7 Re4 35. Qf5 Re3 36. Qc8+ Kg7 37. g4 Rh6+ 38. Kg5 Rg6+ 39. Kh4 Rh6+ 40. Kg5 Rhxh3 41. Kf5 Rh6 42. g5 Rg6 43. Qd8 h6 44. gxh6+ Rxh6 45. Qg5+ Rg6 46. Qh4 Re2 47. c3 Rxb2 48. cxb4 Rxb3 49. bxc5 dxc5 50. Qd8 Rd3 51. Ke4 Rd4+ 52. Ke5 Re6+ 53. Kf5 Rh6 54. Kg5 c4 55. Qa5 Rd6 56. f5 R6xd5 57. Qxa6 Rd6 58. Qc8 Rd7 59. Qc6 R7d6 60. f6+ Kh7 61. Qh1+ Kg8 62. Qa8+ Rd8 63. Qg2 Kf8 64. Qh2 R8d5+ 65. Kh6 Ke8 66. Qb8+ Kd7 67. Qb7+ Ke6 68. Qe7+ Kf5 69. Qxf7 Rd6 70. Qg6+ Ke5 71. Qg5+ Ke4 72. Kg7 c3 73. f7 Rd7 74. Qg6+ Ke3 75. Qc2 Rg4+ 76. Kf8 Rd3 77. Qc1+ Kd4 78. Ke7 Re4+ 79. Kd6 Kc4+ 80. Kc6 Rf3 81. Qg5 Ref4 82. Qb5+ Kd4 83. Qc5+ Kd3 84. Qd5+ Kc2 85. Qa2+ Kd1 86. Qd5+ Kc1 87. Qg5 Kc2 88. Qg2+ Rf2 89. Qg6+ Kb2 90. Kd5 c2 91. Qb6+ Kc3 92. Qa5+ Kd3 93. Qb5+ Kd2 94. Qb2 Kd1 95. f8Q Rxf8 96. Qd4+ Rd2 0-1

[Event "GRE-ch U16"]
[Site "Chalkidiki"]
[Date "2007.06.30"]
[Round "8"]
[White "Homatidis, Panagiotis"]
[Black "Filippas, Sebastian"]
[Result "0-1"]
[WhiteElo "2021"]
[BlackElo "2118"]
[PlyCount "72"]
[EventDate "2007.06.25"]
[EventType "swiss"]
[EventRounds "9"]
[EventCountry "GRE"]
[SourceTitle "EXT 2009"]
[Source "ChessBase"]
[SourceDate "2008.11.26"]
[SourceVersion "1"]
[SourceVersionDate "2008.11.26"]
[SourceQuality "1"]

1. e4 c5 2. Nf3 d6 3. d4 cxd4 4. Nxd4 Nf6 5. Nc3 a6 6. Be2 e5 7. Nb3 Be7 8. Be3 Be6 9. 0-0 0-0 10. f4 exf4 11. Bxf4 Nc6 12. Kh1 d5 13. exd5 Nxd5 14. Nxd5 Qxd5 15. Bf3 Qc4 16. Bxc6 bxc6 17. Qd3 Qxd3 18. cxd3 Rfd8 19. Rf3 Bf6 20. Rb1 Bd5 21. Re3 Re8 22. Nc1 Rxe3 23. Bxe3 Re8 24. Bf2 Bg5 25. b3 h5 26. Kg1 Re6 27. Kf1 Rf6 28. Kg1 Re6 29. Kf1 h4 30. b4 Rg6 31. Ne2 Bxa2 32. Ra1 Bd5 33. Rxa6 Bd2 34. Bxh4 Bxg2+ 35. Kf2 Bd5 36. Bg3 Rf6+ 0-1

[Event "GRE-ch U16"]
[Site "Chalkidiki"]
[Date "2007.06.25"]
[Round "1"]
[White "Homatidis, Panagiotis"]
[Black "Kesidis, Odyseas"]
[Result "1-0"]
[WhiteElo "2021"]
[BlackElo "1995"]
[PlyCount "97"]
[EventDate "2007.06.25"]
[EventType "swiss"]
[EventRounds "9"]
[EventCountry "GRE"]
[SourceTitle "EXT 2009"]
[Source "ChessBase"]
[SourceDate "2008.11.26"]
[SourceVersion "1"]
[SourceVersionDate "2008.11.26"]
[SourceQuality "1"]

1. e4 c5 2. Nf3 d6 3. d4 cxd4 4. Nxd4 Nf6 5. Nc3 a6 6. Be2 e5 7. Nb3 Be7 8. 0-0 0-0 9. Be3 Be6 10. Qd2 b5 11. f3 Nbd7 12. a4 b4 13. Nd5 Bxd5 14. exd5 Nb6 15. Bxb6 Qxb6+ 16. Kh1 a5 17. Bb5 Nh5 18. Rae1 f5 19. c3 bxc3 20. Qxc3 Rf6 21. Qe3 Qxe3 22. Rxe3 Rh6 23. Rd1 Bd8 24. h3 Rc8 25. Rc3 Rxc3 26. bxc3 Bb6 27. Kh2 f4 28. Nd2 Ng3 29. Nc4 Bc7 30. Bd7 Ne2 31. Be6+ Rxe6 32. dxe6 Nxc3 33. Nxd6 Kf8 34. Rc1 Bxd6 35. Rxc3 Ke7 36. Rc6 Bb4 37. Kg1 Kf6 38. Kf1 h5 39. Ke2 Ba3 40. Kd3 Kg5 41. Ke4 Kf6 42. Kd5 g6 43. Rc7 Kg5 44. e7 Bxe7 45. Rxe7 Kh4 46. Rxe5 g5 47. Ke4 g4 48. hxg4 hxg4 49. Kxf4 1-0

[Event "World School-ch U15 3rd"]
[Site "Chalkidiki"]
[Date "2007.05.01"]
[Round "4.4"]
[White "Kazantzidis, Ilias"]
[Black "Homatidis, Panagiotis"]
[Result "1-0"]
[WhiteElo "2098"]
[BlackElo "2021"]
[PlyCount "151"]
[EventDate "2007.04.28"]
[EventType "team-tourn"]
[EventRounds "9"]
[EventCountry "GRE"]
[SourceTitle "CBM 118 Extra"]
[Source "ChessBase"]
[SourceDate "2007.07.04"]
[SourceVersion "1"]
[SourceVersionDate "2007.07.04"]
[SourceQuality "1"]

1. d4 Nf6 2. Bg5 Ne4 3. Bf4 d5 4. Nd2 Bf5 5. Nxe4 Bxe4 6. f3 Bg6 7. e3 e6 8. Bd3 Bd6 9. Ne2 a6 10. Kf2 c5 11. c3 Nc6 12. h4 Bxd3 13. Qxd3 Be7 14. h5 f6 15. Rhd1 0-0 16. dxc5 Bxc5 17. c4 Ne7 18. a3 a5 19. Rac1 Rc8 20. cxd5 Nxd5 21. Qe4 Qb6 22. b4 axb4 23. axb4 Bxb4 24. Rb1 Rfd8 25. Rxd5 Rxd5 26. Rxb4 Qa6 27. Ra4 Qb6 28. Nd4 Re8 29. Qc2 Rxh5 30. Bc7 Qc5 31. Rc4 Qa3 32. g4 Rh1 33. Ra4 Qe7 34. Kg2 Rh6 35. Bf4 g5 36. Bg3 Rg6 37. Rc4 Rg7 38. Qb3 Qd8 39. Rb4 Qd5 40. Qxd5 exd5 41. Nf5 Rd7 42. Rb6 Kf7 43. Nd6+ Rxd6 44. Rxd6 Rxe3 45. Rxd5 Rb3 46. Rd7+ Kg6 47. Rd6 Kf7 48. Bf2 Ke7 49. Rb6 Rxb6 50. Bxb6 Ke6 51. Kg3 Kf7 52. Kf2 Kg6 53. Ke3 f5 54. gxf5+ Kxf5 55. Bc7 g4 56. f4 h5 57. Bd8 b5 58. Be7 Ke6 59. Bh4 Kf5 60. Be1 g3 61. Bxg3 b4 62. Kd3 Kg4 63. Bh2 Kh3 64. f5 Kxh2 65. Kc2 h4 66. f6 h3 67. f7 Kg2 68. f8Q h2 69. Qg7+ Kf2 70. Qf6+ Kg1 71. Qg5+ Kf2 72. Qf4+ Kg2 73. Qg4+ Kf2 74. Qh3 Kg1 75. Qg3+ Kh1 76. Qf2 1-0